COURS 5 - Statistiques

Statistiques générales
  • Ce quiz a été pris 5 fois
  • Le résultat moyen est 23 sur 48
Statistiques - réponses
Évènement Date % Correct
Rafle du Vel d'Hiv 16 17 juillet 1942
100%
Création de la Relève 1942
100%
STO 1943
100%
Armistice 22 juin 1940
100%
Rencontre de Montoire 24 octobre 1940
100%
Création de l'État français 11 juillet 1940
50%
Zone sud envahie par les allemands 11 novembre 1942
50%
Jean Borotra nommé commissaire à l'éducation et aux sports 13 juillet 1940
50%
Rafle du billet vert 13 mai 1941
50%
Programme commun du CNR 15 Mars 1944
50%
Mise en place des maquis 1942
50%
De gaulle promet la restauration de la Rep sur de nouvelles bases 1942
50%
École de formation des cadres dissoute 1942
50%
Création du MRP 1945
50%
DG démissionne 20 janvier 1946
50%
Discours de l"ordre nouveau" 25 juin 1940
50%
"La terre, qui elle ne ment pas" 25 juin 1940
50%
Création du CNR 27 mai 1943
50%
2e statut des juifs 2 juin 1941
50%
Conférence de Brazzaville 30 janvier 1944
50%
Création du GPRF 3 juin 1944
50%
Loi sur le statut des juifs français 3 octobre 1940
50%
Loi sur les juifs étrangers 4 octobre 1940
50%
Droit de vote des femmes 5 octobre 1944
50%
Vote du parlement pour les pleins pouvoirs de Pétain 9 10 juillet 1940
50%
Legislation républicaine rétablie 9 aout 1944
50%
Churchill considère la France libre comme représentante des français en guerre aout 1940
50%
Création de la LFC Aout 1940
50%
Grands procès collaborationistes automne 1945
50%
Laval rappelé au pouvoir avril 1942
50%
Vichy autorise l'Allemagne a utiliser les bases en Tunisie et Syrie été 1941
50%
Les forces de l'ordre françaises prennent part aux rafles en zone sud été 1942
50%
Laval vice président du conseil des ministres juillet-décembre 1940
50%
CFLN Juin 1943
50%
Création du Commissariat général aux questions juives mars 1941
50%
Giraud s'efface au profit de de Gaulle novembre 1943
50%
Charte du travail octobre 1940
50%
Loi incitant les femmes à rester au foyer octobre 1940
50%
Ouverture des camps d'internements Septembre 1940
50%
DG forme un gouvernement d'unité nationale septembre 1944
50%
Discours du vent mauvais 12 aout 1941
0%
La nouvelle assemblée constituante à majorité PCF élit de Gaulle 13 novembre 1945
0%
Création des travaux d'intérêt collectifs de la jeunesse 1941
0%
Référendum sur les institutions francaises 21 octobre 1945
0%
Création de la corporation paysanne 2 décembre 1940
0%
Abrogation du décret Crémieux de 1871 7 octobre 1940
0%
Activités des partis politiques suspendus aout 1941
0%
La LFC s'ouvre aux non combattants novembre 1941
0%
Aucun quiz correspondant
Distribution des résultats
% des personnes avec chaque résultat
Percentile par nombre de réponses
Votre historique - résultats
Vous n’avez pas pris ce quiz